Statistics for Word Vocabulary - TRA

Click here to take the quiz!

General Stats

  • This quiz has been taken 178 times
  • The average score is 13 of 20

Answer Stats

word% Correct
track
98%
trap
96%
train
93%
traditionaltrad
92%
tram
92%
trail
87%
trade
85%
trace
82%
tray
74%
trait
69%
tramp
64%
tract
58%
trash
55%
traipse
47%
transgendertrans
47%
trawl
44%
trance
41%
leather from which a glove is cuttrank
33%
part of a larger unittranche
12%
volcanic ashtrass
12%

Score Distribution

Percentile by Number Answered

Percent of People with Each Score

Your Score History

You have not taken this quiz